Quiz Cristiano Ronaldo - Statistiques

Statistiques générales
  • Ce quiz a été pris 128 fois
  • Le résultat moyen est 7 sur 17
Statistiques - réponses
Hint Réponse % Correct
En quelle année est-il né ? 1985
76%
Dans quel club a t-il réalisé ses meilleures performances ? Real Madrid
73%
Quel est son numéro de maillot ? 7
70%
De quelle nationalité est le footballeur Cristiano Ronaldo ? Portugaise
66%
Combien a-t-il gagné de Ligues des Champions ? 5
60%
Combien a-t-il gagné de Ballons d'Or ? 5
60%
Dans quelle ville se situe ce club ? Lisbonne
60%
En quelle année débute t'il dans sa sélection nationale ? 2003
55%
En quelle année est-il devenu le capitaine de sa sélection 2007
54%
Où est-il né ? Funchal
33%
Quel est son nom complet ? Cristiano Ronaldo dos Santos Aveiro
25%
Combien de buts a-t-il marqué en Ligue des Champions ? 141
21%
Combien de passes décisives a-t-il réalisé en Ligue des Champions ? 42
18%
Dans quel club a-t-il été formé ? Sporting CP
17%
Quel club l'a révélé au grand public ? Manchester United FC
3%
Quelles compétitions a-t-il remporté avec sa sélection ? Euro 2016 et Ligue des Nations 2019
1%
Dans quel stade joue ce club ? Stade José Alvalade XXI
0%
Aucun quiz correspondant
Distribution des résultats
% des personnes avec chaque résultat
Percentile par nombre de réponses
Votre historique - résultats
Vous n’avez pas pris ce quiz